000
00292nam a22001337a 4500
008
170327b xxu||||| |||| 00| 0 eng d
020
_a
9780120887897
041
_a
eng
080
_2
4 ED
_a
616.9
100
_a
8
101
_a
SHM
245
_a
MOLECULARE VIROLOGY
_c
CANN.A.J
942
_2
udc
_c
BK
999
_c
8662
_d
8662